| 000 | 01331nam0a22003251 4500 | ||
|---|---|---|---|
| 001 | rc\3748403 | ||
| 005 | 20250610111203.0 | ||
| 021 |
_aRU _b[69-34202] |
||
| 035 | _a(NLR Aleph) 007873091 | ||
| 090 |
_a7870264 _c7870264 |
||
| 100 | _a20130115d1969 |||y0rusy50 ca | ||
| 101 | 0 | _arus | |
| 102 | _aRU | ||
| 105 | _ay g ||||| | ||
| 200 | 1 |
_aСправочник по кровезаменителям и препаратам крови _fПод ред. А.И. Бурназяна |
|
| 210 |
_aМосква _cМедицина _d1969 |
||
| 215 |
_a166 с. _d17 |
||
| 300 | _aПеред загл. авт.: А.Е. Киселев, Г.Я. Розенберг, П.С. Васильев и др. | ||
| 606 |
_aКровь _xПрепараты _jСправочники _2psbo |
||
| 606 |
_aКровезамещающие растворы _jСправочники _2psbo |
||
| 701 | 1 |
_aКиселев _bА.Е. _gАнатолий Ефимович |
|
| 701 | 1 |
_aРозенберг _bГ.Я. |
|
| 701 | 1 |
_aВасильев _bП. С. _cд-р хим. наук _f1905-1990 _gПетр Сергеевич _9216708 _3RU\NLR\AUTH\770216764 |
|
| 702 | 1 |
_aБурназян _bА.И. _gАветик Игнатьевич _4340 |
|
| 801 | 0 |
_aRU _bNLR _gpsbo |
|
| 801 | 1 |
_aRU _bELAR _2rusmarc |
|
| 852 |
_aNLR _j69-2/1620 |
||
| 942 | _cBOOK | ||
| 980 | _aNB | ||